[Event "Czechia KP-chTA 0607"]
[Site "Czech Republic"]
[Date "2007.01.07"]
[Round "5.5"]
[White "Divis, Jaroslav"]
[Black "Kucera, Vladimir"]
[Result "0-1"]
[WhiteElo "1875"]
[BlackElo "2079"]
[PlyCount "86"]
[EventDate "2006.10.29"]
[EventType "team"]
[EventRounds "11"]
[EventCountry "CZE"]
[SourceTitle "EXT 2008"]
[Source "ChessBase"]
[SourceDate "2007.11.25"]
[SourceVersion "1"]
[SourceVersionDate "2007.11.25"]
[SourceQuality "1"]
[WhiteTeam "AS MB"]
[BlackTeam "Tisice"]
[WhiteTeamCountry "CZE"]
[BlackTeamCountry "CZE"]

1. e4 e5 2. Nf3 Nc6 3. d4 exd4 4. Bc4 Be7 5. c3 d6 6. Nxd4 Nf6 7. 0-0 Ne5 8. Bd3 0-0 9. Bc2 Bg4 10. Qe1 c5 11. Nb3 a5 12. f4 Ng6 13. f5 Ne5 14. h3 Bh5 15. Bf4 Ra6 16. g4 Nfxg4 17. hxg4 Bxg4 18. Kg2 Bh4 19. Bg3 Qg5 20. a4 d5 21. exd5 Bxg3 22. Qxg3 Rh6 23. Rf4 Qh5 24. N1d2 Bh3+ 25. Kg1 Bg4 26. Kg2 b6 27. Re1 f6 28. Be4 Re8 29. c4 Qg5 30. Kf2 Rh3 31. Rxg4 Nxg4+ 32. Kg2 Rxg3+ 33. Kxg3 h5 34. d6 h4+ 35. Kf3 Ne5+ 36. Ke2 Qg4+ 37. Kf1 h3 38. Re2 Nxc4 39. Bd5+ Kh7 40. Rxe8 Nxd6 41. Bg8+ Kh6 42. Re2 Nxf5 43. Ne4 Qf3+ 0-1

[Event "CZE-chT3A Middle 0506  "]
[Site "Czech Republic"]
[Date "2006.??.??"]
[Round "7.8"]
[White "Divis, Jaroslav"]
[Black "Hanibal, Kamil"]
[Result "0-1"]
[WhiteElo "1737"]
[BlackElo "1912"]
[PlyCount "98"]
[EventDate "2005.10.30"]
[EventType "team"]
[EventRounds "11"]
[EventCountry "CZE"]
[SourceTitle "EXT 2009"]
[Source "ChessBase"]
[SourceDate "2008.11.26"]
[SourceVersion "1"]
[SourceVersionDate "2008.11.26"]
[SourceQuality "1"]

1. e4 e5 2. Nf3 Nc6 3. d4 exd4 4. Bc4 Bc5 5. c3 Nf6 6. e5 d5 7. Bb5 Ne4 8. cxd4 Bb4+ 9. Bd2 Qe7 10. a3 Nxd2 11. Nbxd2 Bxd2+ 12. Qxd2 0-0 13. Bxc6 bxc6 14. Rc1 Ba6 15. Rxc6 Bb5 16. Rc5 Rab8 17. Qc3 c6 18. h4 f6 19. Rh3 fxe5 20. Nxe5 Rf4 21. h5 Re4+ 22. Re3 Qh4 23. Rxe4 Qxe4+ 24. Qe3 Qxg2 25. Nd7 Rd8 26. Qe6+ Kh8 27. Rxb5 cxb5 28. Ne5 Qe4+ 29. Kf1 Qh1+ 30. Ke2 Qxh5+ 31. f3 Rf8 32. Qxd5 h6 33. Qxb5 Qf5 34. Qb7 Rc8 35. Qe4 Rc2+ 36. Kd3 Qxe4+ 37. fxe4 Rxb2 38. d5 Kg8 39. Nc6 Kf8 40. e5 Rb6 41. Nxa7 h5 42. d6 Ke8 43. Ke2 Kd7 44. Kf2 Rb7 45. e6+ Kxd6 46. e7 Kxe7 47. Nc6+ Kd6 48. Nd4 Kd5 49. Nf3 Rb3 0-1

[Event "CZE-ch U16"]
[Site "Volyne"]
[Date "2003.??.??"]
[Round "?"]
[White "Divis, Jaroslav"]
[Black "Machalek, Martin"]
[Result "1/2-1/2"]
[WhiteElo "1531"]
[BlackElo "1639"]
[PlyCount "92"]
[EventDate "2003.??.??"]
[EventType "swiss"]
[EventRounds "9"]
[EventCountry "CZE"]
[SourceTitle "EXT 2005"]
[Source "ChessBase"]
[SourceDate "2004.11.15"]
[SourceVersion "1"]
[SourceVersionDate "2004.11.15"]
[SourceQuality "1"]

1. e4 e5 2. Nf3 Nf6 3. Nc3 Nc6 4. Bc4 Nxe4 5. Bxf7+ Kxf7 6. Nxe4 Be7 7. d3 Rf8 8. 0-0 Kg8 9. h3 d5 10. Ng3 Qe8 11. Re1 Bc5 12. Be3 d4 13. Bd2 Qg6 14. Nh4 Qf6 15. Nf3 h6 16. Ne4 Qe7 17. Qe2 Bd6 18. Nxd6 cxd6 19. Nh2 Qf7 20. Nf1 Qg6 21. Ng3 Be6 22. Qh5 Rf6 23. Qxg6 Rxg6 24. Kh2 Rf8 25. f3 Ne7 26. Bb4 Bd5 27. Re2 Nf5 28. Nxf5 Rxf5 29. Rae1 h5 30. a3 b6 31. Bd2 Rf7 32. c3 dxc3 33. Bxc3 Rc7 34. d4 Bc4 35. Re3 exd4 36. Bxd4 d5 37. Re7 Rxe7 38. Rxe7 a5 39. h4 b5 40. Re5 Rh6 41. Rg5 g6 42. Be3 Kf7 43. Rxd5 Bxd5 44. Bxh6 Ke6 45. Kg3 Kf5 46. Bd2 a4 1/2-1/2

[Event "CZE-ch U16"]
[Site "Volyne"]
[Date "2003.??.??"]
[Round "?"]
[White "Divis, Jaroslav"]
[Black "Vacek, Miroslav"]
[Result "1-0"]
[WhiteElo "1531"]
[BlackElo "1701"]
[PlyCount "77"]
[EventDate "2003.??.??"]
[EventType "swiss"]
[EventRounds "9"]
[EventCountry "CZE"]
[SourceTitle "EXT 2005"]
[Source "ChessBase"]
[SourceDate "2004.11.15"]
[SourceVersion "1"]
[SourceVersionDate "2004.11.15"]
[SourceQuality "1"]

1. e4 e5 2. Nf3 Nc6 3. d4 exd4 4. Bc4 d6 5. Nxd4 Nxd4 6. Qxd4 Qf6 7. Qxf6 Nxf6 8. 0-0 Be6 9. Bxe6 fxe6 10. Re1 0-0-0 11. Nd2 e5 12. Nf3 Be7 13. b3 Rhg8 14. Be3 g5 15. g4 Rg6 16. Kg2 Nd7 17. a4 Kb8 18. Nd2 c6 19. Nf1 Nf8 20. Ng3 Ne6 21. Red1 Nf4+ 22. Bxf4 gxf4 23. Nf5 Bf8 24. c4 Kc7 25. Rd3 Re6 26. Rad1 Ree8 27. h4 Rd7 28. Kh3 Red8 29. g5 Rf7 30. Kg4 Rdd7 31. h5 Be7 32. c5 d5 33. Nxe7 Rfxe7 34. exd5 Rxd5 35. b4 Rxd3 36. Rxd3 Rf7 37. g6 hxg6 38. hxg6 Re7 39. Kf5 1-0

[Event "CZE-ch U16"]
[Site "Volyne"]
[Date "2003.??.??"]
[Round "?"]
[White "Divis, Jaroslav"]
[Black "Viktorin, Tomas"]
[Result "0-1"]
[WhiteElo "1531"]
[BlackElo "1789"]
[PlyCount "58"]
[EventDate "2003.??.??"]
[EventType "swiss"]
[EventRounds "9"]
[EventCountry "CZE"]
[SourceTitle "EXT 2005"]
[Source "ChessBase"]
[SourceDate "2004.11.15"]
[SourceVersion "1"]
[SourceVersionDate "2004.11.15"]
[SourceQuality "1"]

1. e4 c5 2. Nf3 d6 3. d4 cxd4 4. Nxd4 Nf6 5. Nc3 a6 6. Be3 Ng4 7. Qd2 Bd7 8. Nb3 Bc6 9. Be2 Nxe3 10. Qxe3 e6 11. Rd1 Qc7 12. 0-0 Be7 13. Qg3 0-0 14. Rd3 Nd7 15. f4 b5 16. a3 a5 17. Re3 Rab8 18. Nd4 b4 19. axb4 axb4 20. Na2 Nc5 21. Bf3 Ba8 22. Rf2 Qa7 23. Nc1 Qa1 24. Rf1 Qxb2 25. Qf2 Qxd4 26. Rd1 Qc4 27. Qe1 Qxc2 28. Rd2 Qb1 29. Be2 b3 0-1

[Event "CZE-ch U16"]
[Site "Volyne"]
[Date "2003.??.??"]
[Round "?"]
[White "Rozkovec, Jiri"]
[Black "Divis, Jaroslav"]
[Result "1/2-1/2"]
[WhiteElo "1829"]
[BlackElo "1531"]
[PlyCount "83"]
[EventDate "2003.??.??"]
[EventType "swiss"]
[EventRounds "9"]
[EventCountry "CZE"]
[SourceTitle "EXT 2005"]
[Source "ChessBase"]
[SourceDate "2004.11.15"]
[SourceVersion "1"]
[SourceVersionDate "2004.11.15"]
[SourceQuality "1"]

1. c4 Nf6 2. d3 g6 3. g3 Bg7 4. Bg2 0-0 5. Nc3 c6 6. Nf3 d5 7. cxd5 cxd5 8. 0-0 Nc6 9. Bf4 Nh5 10. Bd2 e6 11. Qc1 Bh8 12. Bh6 Re8 13. Qd2 b6 14. Rac1 Bb7 15. d4 Rc8 16. Bh3 Qc7 17. Nb5 Qd7 18. Nc3 Qc7 19. Nd1 Qd6 20. Ne3 Qb4 21. Qxb4 Nxb4 22. a3 Nc6 23. Rfd1 f6 24. g4 Ng7 25. Bf4 g5 26. Bg3 h5 27. gxh5 Nxh5 28. Nc2 Nxg3 29. hxg3 Ba6 30. Bf1 Re7 31. e3 Bxf1 32. Kxf1 Rec7 33. Nce1 Na5 34. Rxc7 Rxc7 35. Rd2 Rc1 36. Rc2 Rxc2 37. Nxc2 Bg7 38. Ke2 Bf8 39. Nd2 Kf7 40. b4 Nc6 41. b5 Nb8 42. a4 1/2-1/2